Le role du politique en droit international privé (Registro nro. 319018)
[ vista simple ]
| 000 -ENCABEZADO | |
|---|---|
| Número de control [NR] | 00984nam a2200229 a 4500 |
| 005 - FECHA Y HORA DE LA ÚLTIMA TRANSACCIÓN | |
| control field | 20210819112920.0 |
| 008 - DE LONGITUD FIJA DE DATOS DE ELEMENTOS - INFORMACIÓN GENERAL | |
| Elementos de longitud fija [NR] | 120830s2019 mau |||gr|||| 00| 0 fre d |
| 020 ## - NUMERO INTERNACIONAL NORMALIZADO PARA LIBROS [R] | |
| Número Internacional Normalizado del libro [NR] | 9789004423923 |
| 040 ## - FUENTE DE CATALOGACION [NR] | |
| Agencia de catalogación original [NR] | CO-BoUCM |
| Idioma de catalogación [NR] | spa |
| Quien Cataloga | Deissy Garcia |
| Quien Clasifica | Deissy Garcia |
| 041 ## - CODIGO DE IDIOMA [R] | |
| Código de idioma para texto/pista de sonido o título separado [R] | Francés |
| 100 1# - ASIENTO PRINCIPAL--NOMBRE PERSONAL [NR] | |
| Nombre personal [NR] | Kinsch, Patrick |
| ID Autoridad | 104781 |
| 245 ## - MENCION DE TITULO [NR] | |
| Título [NR] | Le role du politique en droit international privé |
| Parte restante del título [NR] | cours général de droit international privé |
| Mención de responsabilidad, etc. [NR] | Patrick Kinsch ; Académie de Droit International Law |
| 260 ## - PUBLICACION, DISTRIBUCION, ETC. (PIE DE IMPRENTA) [R] | |
| Lugar de publicación, distribución, etc. [R] | Boston, Massachusetts |
| Nombre del editor, distribuidor, etc. [R] | Martinus Nijhoff Publisher |
| Fecha de publicación, distribución, etc. [R] | 2019 |
| 300 ## - DESCRIPCION FISICA [R] | |
| Extensión [R] | 596 páginas |
| 490 0# - MENCION DE SERIE [R] | |
| Mención de serie [R] | Recueil des Cours |
| -- | Collected Courses of the Hague Academy of International Law |
| Designación numérica/secuencial del volumen [NR] | 402 |
| 504 ## - NOTA DE BIBLIOGRAFIA, ETC. [R] | |
| Nota de bibliografía, etc. [NR] | Incluye referencias bibliográficas e índices |
| 650 #7 - ASIENTO SECUNDARIO DE MATERIA - TERMINO TEMATICO [R] | |
| 9 (RLIN) | 12776 |
| Término temático o nombre geográfico como elemento de entrada [NR] | Derecho internacional |
| 650 #7 - ASIENTO SECUNDARIO DE MATERIA - TERMINO TEMATICO [R] | |
| 9 (RLIN) | 7497 |
| Término temático o nombre geográfico como elemento de entrada [NR] | Derecho internacional privado |
| 710 ## - ASIENTO SECUNDARIO - NOMBRE CORPORATIVO [R] | |
| Nombre corporativo o de jurisdicción como elemento de entrada [NR] | Académie de Droit International |
| 9 (RLIN) | 104782 |
| 942 ## - ELEMENTOS DE ENTRADA AGREGADOS (KOHA) | |
| Tipo de ítem principal el descrito en 300a | Libro de referencia |
| Sistema de clasificación | DEWEY |
| Tema principal | Derecho |
| Edición | 1 |
| Clasificación | 341.02 |
| Parte restante de la signatura top. | R311 |
| Título oculto en OPAC | No |
| Signatura topográfica | Código de barras | Última vez visto | Volúmen / Fascículo | Ejemplar | Costo de reposición | Price effective from | Tipo de ítem | Perdido | Sistema de clasificación | Dañado | No prestable | Tipo de ítem específico | Suprimido | Ubicación habitual | Ubicación actual | Localización | Fecha de creación | Proveedor | Forma de adquisición | Costo |
|---|---|---|---|---|---|---|---|---|---|---|---|---|---|---|---|---|---|---|---|---|
| R 341.02 R311 | 100167624 | 03/12/2025 | V.402 | Ej.1 | 619800.00 | 13/08/2021 | Libro de referencia | DEWEY | Libro de referencia | Claustro | Claustro | 3er piso | 13/08/2021 | 157 | Compra | 619800.00 |